Queer in Italia. 2 /

Guardat en:
Dades bibliogràfiques
Altres autors: Pustianaz, Marco (Editor)
Format: Llibre
Idioma:italià
Publicat: Pisa : ETS, ©2025
Col·lecció:Àltera ; 16
Matèries:
Etiquetes: Afegir etiqueta
Sense etiquetes, Sigues el primer a etiquetar aquest registre!

MARC

LEADER 00000nam a2200000 i 4500
001 IT\ICCU\CFI\1148007
003 ItRI
005 20250807122444.0
008 250313s2025 it |||||| ||||| |||||c
020 |a 9788846770486 
040 |b ita  |c Arcigay Viterbo 
041 7 |a ita  |2 ISO-639-2 
082 |a 306.760945  |2 23 
130 0 |a Queer in Italia 
245 0 0 |a Queer in Italia. 2 /  |c a cura di Marco Pustianaz. 
260 |a Pisa :  |b ETS,  |c ©2025 
300 |a 164 p. :  |b ill. ;  |c 24 cm 
650 7 |a Persone LGBT  |x Diritti  |x Italia  |2 nsbncf 
700 1 |a Pustianaz, Marco  |0 IT\ICCU\CFIV\096060  |4 edt 
830 0 |a Àltera ;  |v 16  |0 IT\ICCU\CFI\0755998 
942 |2 ddc  |c BK  |n 0 
952 |0 0  |1 0  |2 ddc  |4 0  |6 305_900000000000000_PUS_QUE_2  |7 0  |9 9507  |a VT  |b VT  |d 2025-08-07  |e Acq. Arcigay Viterbo su donazione di Banca Lazio Nord  |i B182  |l 0  |o 305.9 PUS QUE 2  |p B182  |r 2025-08-07 12:25:49  |w 2025-08-07  |y BK  |z Acq. Arcigay Viterbo su donazione di Banca Lazio Nord 
981 1 |6 z01  |a i   |b xxxe  
982 1 |6 z01  |a n 
999 |c 7922  |d 7922